A royal duty / (Record no. 856)

MARC details
000 -LEADER
fixed length control field 01138cam a2200301 a 4500
005 - DATE AND TIME OF LATEST TRANSACTION
control field 20260322212037.0
008 - FIXED-LENGTH DATA ELEMENTS--GENERAL INFORMATION
fixed length control field data
010 ## - LIBRARY OF CONGRESS CONTROL NUMBER
LC control number 2003283779
020 ## - INTERNATIONAL STANDARD BOOK NUMBER
International Standard Book Number 0399151729 (acidfree paper)
020 ## - INTERNATIONAL STANDARD BOOK NUMBER
International Standard Book Number 978-0399151729 (acid-free paper)
040 ## - CATALOGING SOURCE
Original cataloging agency TMN
Transcribing agency TMN
Modifying agency DLC
-- OCLCQ
-- DLC
042 ## - AUTHENTICATION CODE
Authentication code lccopycat
043 ## - GEOGRAPHIC AREA CODE
Geographic area code e-uk---
050 00 - LIBRARY OF CONGRESS CALL NUMBER
Classification number DA591.A45
Item number D526 2003
082 04 - DEWEY DECIMAL CLASSIFICATION NUMBER
Classification number B
-- B
Edition information 22
001 - CONTROL NUMBER
control field data
100 1# - MAIN ENTRY--PERSONAL NAME
Personal name Burrell, Paul,
Dates associated with a name 1958-
245 12 - TITLE STATEMENT
Title A royal duty /
Statement of responsibility, etc. Paul Burrell.
260 ## - PUBLICATION, DISTRIBUTION, ETC.
Place of publication, distribution, etc. New York :
Name of publisher, distributor, etc. G.P. Putnam's Sons,
Date of publication, distribution, etc. c2003.
300 ## - PHYSICAL DESCRIPTION
Extent x, 405 p., [24] p. of plates :
Other physical details ill. (chiefly col.) ;
Dimensions 24 cm.
600 00 - SUBJECT ADDED ENTRY--PERSONAL NAME
Personal name Diana,
Titles and other words associated with a name Princess of Wales,
Dates associated with a name 1961-1997.
600 10 - SUBJECT ADDED ENTRY--PERSONAL NAME
Personal name Burrell, Paul,
Dates associated with a name 1958-
650 #0 - SUBJECT ADDED ENTRY--TOPICAL TERM
Topical term or geographic name entry element Princesses
Geographic subdivision Great Britain
Form subdivision Biography.
856 41 - ELECTRONIC LOCATION AND ACCESS
Materials specified Table of contents
Uniform Resource Identifier <a href="http://www.loc.gov/catdir/toc/fy043/2003283779.html">http://www.loc.gov/catdir/toc/fy043/2003283779.html</a>
906 ## - LOCAL DATA ELEMENT F, LDF (RLIN)
a 7
b cbc
c copycat
d 2
e ncip
f 20
g y-gencatlg
925 0# -
-- acquire
-- 2 shelf copies
-- policy default
955 ## - COPY-LEVEL INFORMATION (RLIN)
-- lh06 2004-01-16
-- lk18 2004-01-16; to Dewey 01-16-04
Holdings
Withdrawn status Lost status Damaged status Not for loan Home library Current library Shelving location Date acquired Total checkouts Full call number Barcode Date last seen Price effective from Koha item type
        Pleasant Valley Pleasant Valley General stacks 22/03/2026   941.085/092 B 22 BC0010881 22/03/2026 22/03/2026 Books